000 00636nam a2200181Ia 4500
008 100921s9999 xx 000 0 und d
082 _b23454
_a891.463 थ 82
100 _aचिणे पुष्पा.
245 _aशांतिसदन.
260 _bराजेंद्र प्रकाशन, पुणे.
_c1982
300 _a231
_bभावे पुस्तक भांडार,पुणे
365 _b30
520 _aललित-कादंबरी.
630 _aशांतिसदन.
650 _aललित-कादंबरी.
730 _aशांतिसदन.
942 _cBOOK
999 _c772567
_d772564